000 00305nam a22001337a 4500
008 170522b xxu||||| |||| 00| 0 eng d
020 _a0933121326
041 _aeng
080 _a94(100)
100 _a16
101 _aSHH
245 _aANCIENT EGYPT THE LIGHT OF THE WORLD
_cMASSEY,G
942 _2udc
_cBK
999 _c13773
_d13773